00423nam a2200157Ia 4500001000500000005001700005008004100022041000800063082001600071100002500087245010000112260000900212300002800221650000800249654000800257866920260306160626.0260306t2013||||xx |||||||||||||| ||spa|| aESP a371.27bL86 aLópez, AlexiseAUT 0aLa evaluación como herramienta para el aprendizaje:bconceptos, estrategias y recomendaciones c2013 a143 páginas :c24 cm. aGEN aCED